| 000 | 00566 a2200145 4500 | ||
|---|---|---|---|
| 100 | 1 |
_aBidlingmaier, Meinrad. _eAutor |
|
| 700 | 1 |
_aHaag, Albert. _eAutor |
|
| 700 | 1 |
_aKuehnemann, Karl. _eAutor |
|
| 245 | 0 |
_aEinheiten-Grundbegriffe-Messverfahren der Nachrichten-Uebertragstechnik / _cBidlingmaier Meinrad, Haag Albert, Kuehnemann Karl. |
|
| 250 | _a4 ueberarb. und erweit. Aufl.. | ||
| 710 | 2 |
_aSiemens. _eWydawca _4pbl |
|
| 260 |
_aBerlin : _bSiemens, _c1973. |
||
| 300 |
_a261 s.; _c25 cm. |
||
| 490 | 1 | _aBiblioteka Techniceskoj Kibernetiki | |
| 830 | 0 | _aBiblioteka Techniceskoj Kibernetiki | |
| 999 |
_c3791 _d3791 |
||